15 Największych Miast Ukrainy na Mapie - Statystyki

Ogólne statystyki
  • Ten quiz został rozwiązany 51 razy
  • Średni wynik to 12 z 15
Odpowiedzi na mapie
Odpowiedzi zakodowano w zielono-czerwonej skali na mapie do tego quizu, zgodnie z poniższymi procentami.
 
Statystyki odpowiedzi
Miasto Populacja % Poprawnych
Donieck 900k
100%
Kijów 3 mln
100%
Lwów 710k
100%
Odessa 1 mln
100%
Charków 1,4 mln
97%
Dniepropietrowsk 970k
90%
Ługańsk 400k
86%
Sewastopol 485k
86%
Mariupol 425k
83%
Zaporoże 710k
79%
Krzywy Róg 600k
69%
Winnica 370k
66%
Mikołajów 470k
62%
Symferopol 340k
48%
Makiejewka 340k
28%
Nie znaleziono quizów pasujących do podanych kryteriów
Rozkład punktacji
Procent ludzi z każdym wynikiem
Percentyl według liczby udzielonych odpowiedzi
Twoja historia wyników
Nie rozwiązałeś tego quizu